|
|
|
|
| LEADER |
00000nam a2200000Ii 4500 |
| 001 |
DIGUCANT0038 |
| 003 |
NyNyDIG |
| 007 |
cr ||||||||||| |
| 008 |
220526s2018 sp a ob 000 0 spa d |
| 006 |
m o d |
| 035 |
|
|
|a (OCoLC)1334421329
|
| 040 |
|
|
|a DGITA
|b eng
|e rda
|e pn
|c DGITA
|
| 020 |
|
|
|a 9788481028195
|q eBook
|q pdf
|
| 020 |
|
|
|z 9788481028188
|
| 041 |
1 |
|
|a spa
|b eng
|
| 043 |
|
|
|a s------
|
| 050 |
1 |
4 |
|a HB615 .E47 ebook
|
| 245 |
0 |
3 |
|a El emprendimiento :
|b una aproximación internacional al desarrollo económico /
|c Francisco Borrás Atiénzar, Ana Fernández Laviada, Francisco Javier Martínez García (eds.).
|
| 264 |
|
1 |
|a Santander :
|b Ediciones Universidad Cantabria,
|c 2018.
|
| 300 |
|
|
|a 1 online resource :
|b illustrations.
|
| 336 |
|
|
|a text
|b txt
|2 rdacontent
|
| 337 |
|
|
|a computer
|b c
|2 rdamedia
|
| 338 |
|
|
|a online resource
|b cr
|2 rdacarrier
|
| 347 |
|
|
|a text file
|2 rdaft
|
| 347 |
|
|
|b PDF
|
| 490 |
1 |
|
|a Colección sociales ;
|v #79
|
| 504 |
|
|
|a Includes bibliographical references.
|
| 588 |
0 |
|
|a Online resource; title from PDF title page (Digitalia, viewed May 26, 2022)
|
| 650 |
|
0 |
|a Entrepreneurship
|z South America.
|
| 655 |
|
0 |
|a Electronic books.
|
| 700 |
1 |
|
|a Borrás Atiénzar, Francisco,
|d 1958-
|e editor.
|
| 700 |
1 |
|
|a Fernández-Laviada, Ana,
|e editor.
|
| 700 |
1 |
|
|a Martínez García, Francisco Javier,
|d 1965-
|e editor.
|
| 791 |
2 |
|
|a Digitalia (Firm),
|e distributor.
|
| 793 |
0 |
|
|g Digitalia eBook Collection:
|a Ediciones Universidad Cantabria
|
| 776 |
0 |
8 |
|i Print version:
|t Emprendimiento.
|d Santander : Ediciones Universidad Cantabria, 2018
|z 9788481028188
|
| 830 |
|
0 |
|a Colección Sociales (Universidad de Cantabria) ;v#79.
|
| 856 |
4 |
0 |
|3 Digitalia Hispánica
|u https://www.digitaliapublishing.com/a/49688/
|
| 910 |
|
|
|a Premium collection: 2022
|